LEADER 01165nam a2200265 u 4500 001 000000058665 003 CaOOAMICUS 005 20070226120722.0 008 010611s1977 vc u000 u lat u 035 $a10892116 040 $aPUL(R)$bita 245 00$aSchema canonum libri II de populo Dei. 246 3 $aDe populo Dei 260 $a[Civitas Vaticana] :$bTypis polyglottis vaticanis,$c1977. 300 $a158 p. ;$c27 cm 500 $aIn testa al front.: "Pontificia Commissio Codici Iuris Canonici Recognoscendo". 504 $aBibliografia in nota. 650 4$aDiritto canonico.$0(OLS)http://pul/subject/1294 710 2 $aPontificia Commissio Codici Iuris Canonici Recognoscendo.$0(OLS)http://pul/name/2849 850 $aPUL 852 $aPUL$W1$xSL Diritto Canonico 3$y77$m262. 99 CAN.2 1.8.int.2$j76614$nBK-PRI$b $qDDC 21$B76614$CPULBib$Z2$F76614 $H60306 $82 941 1 $a9 996 $6245$aSchema canonum libri II de populo Dei$9(OLS)http://pul/title/78591 996 $6246$aDe populo Dei$9(OLS)http://pul/title/78592 996 $6260$a[Civitas Vaticana] :$bTypis polyglottis vaticanis$9(OLS)http://pul/publisher/69675 LEADER 01223nam a2200277 u 4500 001 000000119308 003 CaOOAMICUS 005 20100119120738.0 008 100119t2007 it u000 u ita u 020 $a978-88-495-1483-4 040 $aPUL$bita$dReb 100 1 $aMarchesi, Angelo.$0(OLS)http://pul/name/63859 245 10$aNel solco della Fides et ratio /$cAngelo Marchesi ; prefazione di Pasquale Giustiniani. 260 $aNapoli :$bEdizioni scientifiche italiane,$cİ2007. 300 $a358 p. ;$c22 cm 490 1 $aDialoghi "oltre il chiostro" ;$v20 504 $aBibliografia in nota. 650 4$aEncicliche.$0(OLS)http://pul/subject/969 700 1 $aGiustiniani, Pasquale,$d1951-$0(OLS)http://pul/name/40111 830 0$aDialoghi "oltre il chiostro" ;$v20.$0(OLS)http://pul/title/76937 850 $aPUL 852 $aPUL$W1$xSL Diritto Canonico 3$y77$m262. 9 MARAN 1$j136907$qDDC 21$B135933$CPULBib$Z2$F135933 $H111231 $82 941 1 $a9 996 $6020$a978-88-495-1483-4$9(OLS)http://pul/number/143029 996 $6245$aNel solco della Fides et ratio$9(OLS)http://pul/title/150129 996 $6260$aNapoli :$bEdizioni scientifiche italiane$9(OLS)http://pul/publisher/48388